Šťastný lovec

Bibliographic Details
Main Authors: Hikl, Jozef (Author), Piskun, Voloďa (Author)
Format: Book
Language:Czech
Slovak
PhysicalDescription:141 s. ilustr. 20 cm
Published: [Líbeznice] Víkend 2011
ISBN:9788074330438
Subjects:

MARC

LEADER 00000nam a2200000 a 4500
001 vtls010466818
003 SK-MaSNL
005 20260301033454.0
008 240315s2011 xr 000 j cze
015 |a SNBZSA2013-00120 
020 |a 9788074330438  |q (viaz.) 
035 |a 77E59E75-BBD0-4B08-BCAE-3AA9285C3447 
035 |a urn:nbn:sk:snk-amjlzb 
035 |a urn:nbn:sk:snk-am00207t 
040 |a SNK  |b slo  |c SNK  |e AACR2 
041 1 |a cze  |h slo 
044 |a xr  |c CZ 
072 7 |a 821.162.4-3  |x Slovenská próza  |2 konspekt 
080 |a 821.162.4-32  |2 2008 
080 |a 639.1  |2 2008 
080 |a 639.1.081  |2 2008 
080 |a 639.11/.16  |2 2008 
080 |a (0:82-32)  |2 2008 
100 1 |a Hikl, Jozef  |4 aut  |9 285072 
245 1 0 |a Šťastný lovec  |c Jozef Hikl, Voloďa Piskun ; [ilustrace Markéta Rudlová] 
260 |a [Líbeznice]  |b Víkend  |c 2011 
300 |a 141 s.  |b ilustr.  |c 20 cm 
500 |a Preložené zo slovenčiny? 
650 0 7 |a poľovníctvo  |2 snkph  |9 2774 
650 0 7 |a poľovačky  |2 snkph  |9 23831 
650 0 7 |a lovná zver  |2 snkph  |9 2773 
655 7 |a slovenské príbehy  |2 snkph  |9 70494 
655 7 |a Slovak stories  |2 snkph  |9 277112 
700 1 |a Piskun, Voloďa  |4 aut  |9 332620 
919 |a 978-80-7433-043-8 
958 |a ZS 
958 |a UP 
999 |c 580139  |d 582069 
952 |a SNK  |b SNK  |y PREZ  |7 0  |p 17A1059290  |o snkSD 81610  |i snk2012/25382  |8 4  |g 7.71  |0 0  |1 0  |4 0  |d 2012-11-07  |l 0  |r 2025-12-01 00:00:00  |w 2026-02-23 
952 |a SNK  |b SNK  |y VYP  |7 0  |p 17A1059320  |o snkSD 81610 D1  |i snk2012/25426  |8 4  |g 7.71  |0 0  |1 0  |4 0  |d 2012-11-07  |f 1  |l 0  |r 2017-06-30 00:00:00  |w 2026-02-23